header

Blossoms and blood : (Record no. 126927)

MARC details
000 -LEADER
fixed length control field 02395nam a22003731i 4500
001 - CONTROL NUMBER
control field ebr10768931
003 - CONTROL NUMBER IDENTIFIER
control field CaPaEBR
006 - FIXED-LENGTH DATA ELEMENTS--ADDITIONAL MATERIAL CHARACTERISTICS--GENERAL INFORMATION
fixed length control field m o d
007 - PHYSICAL DESCRIPTION FIXED FIELD--GENERAL INFORMATION
fixed length control field cr cn|||||||||
008 - FIXED-LENGTH DATA ELEMENTS--GENERAL INFORMATION
fixed length control field 130416t20132013txu ob 001 0 eng d
020 ## - INTERNATIONAL STANDARD BOOK NUMBER
International Standard Book Number 9780292752917 (e-book)
Cancelled/invalid ISBN 9780292752894 (hardback)
040 ## - CATALOGING SOURCE
Original cataloging agency CaPaEBR
Language of cataloging eng
Description conventions rda
-- pn
Transcribing agency CaPaEBR
035 ## - SYSTEM CONTROL NUMBER
System control number (OCoLC)899045092
050 14 - LIBRARY OF CONGRESS CALL NUMBER
Classification number PN1998.3.A5255
Item number S64 2013eb
082 04 - DEWEY DECIMAL CLASSIFICATION NUMBER
Classification number 791.4302/33092
Edition number 23
100 1# - MAIN ENTRY--PERSONAL NAME
Personal name Sperb, Jason,
Dates associated with a name 1978-
245 10 - TITLE STATEMENT
Title Blossoms and blood :
Remainder of title postmodern media culture and the films of Paul Thomas Anderson /
Statement of responsibility, etc Jason Sperb.
264 #1 - PRODUCTION, PUBLICATION, DISTRIBUTION, MANUFACTURE, AND COPYRIGHT NOTICE
Place of production, publication, distribution, manufacture Austin :
Name of producer, publisher, distributor, manufacturer University of Texas Press,
Date of production, publication, distribution, manufacture, or copyright notice [2013]
Date of production, publication, distribution, manufacture, or copyright notice �2013
300 ## - PHYSICAL DESCRIPTION
Extent 1 online resource (297 pages)
336 ## - CONTENT TYPE
Content type term text
Source rdacontent
337 ## - MEDIA TYPE
Media type term computer
Source rdamedia
338 ## - CARRIER TYPE
Carrier type term online resource
Source rdacarrier
504 ## - BIBLIOGRAPHY, ETC. NOTE
Bibliography, etc Includes bibliographical references and index.
505 8# - FORMATTED CONTENTS NOTE
Formatted contents note Machine generated contents note: Acknowledgments -- Introduction. White-Noise Media Culture and the Films of Paul Thomas Anderson -- Chapter 1. I Remembered Your Face: Indie Cinema, Neo-noir, and -- Narrative Ambiguity in Hard Eight (1996) -- Chapter 2. I Dreamed I Was in a Hollywood Movie: Stars, Hyperreal Sounds of the 1970s, and Cinephiliac Pastiche in Boogie Nights (1997) -- Chapter 3. If That Was in a Movie, I Wouldn't Believe It: Melodramatic Ambivalence, Hypermasculinity, and the Autobiographical Impulse in Magnolia (1999) -- Chapter 4. The Art-House Adam Sandler Movie: Commodity Culture and the Ethereal Ephemerality of Punch-Drunk Love (2002) -- Chapter 5. I Have a Competition in Me: Political Allegory, Artistic Collaboration, and Narratives of Perfection in There Will Be Blood (2007) -- Afterword. On The Master -- Notes -- Select Bibliography -- Index.
588 ## - SOURCE OF DESCRIPTION NOTE
Source of description note Description based on online resource; title from PDF title page (ebrary, viewed October 11, 2013).
590 ## - LOCAL NOTE (RLIN)
Local note Electronic reproduction. Palo Alto, Calif. : ebrary, 2013. Available via World Wide Web. Access may be limited to ebrary affiliated libraries.
600 10 - SUBJECT ADDED ENTRY--PERSONAL NAME
Personal name Anderson, Paul Thomas
General subdivision Criticism and interpretation.
650 #0 - SUBJECT ADDED ENTRY--TOPICAL TERM
Topical term or geographic name as entry element Motion picture producers and directors.
655 #0 - INDEX TERM--GENRE/FORM
Genre/form data or focus term Electronic books.
797 2# - LOCAL ADDED ENTRY--CORPORATE NAME (RLIN)
Corporate name or jurisdiction name as entry element ebrary.
856 40 - ELECTRONIC LOCATION AND ACCESS
Uniform Resource Identifier <a href="http://site.ebrary.com/lib/rucke/Doc?id=10768931">http://site.ebrary.com/lib/rucke/Doc?id=10768931</a>
Public note An electronic book accessible through the World Wide Web; click to view

No items available.

© 2026 Rongo University
Contact us: librarian | system librarian | Rongo university